[Event "Canadian op"]
[Site "Edmonton"]
[Date "2009.07.15"]
[Round "5.87"]
[White "Roberts, Richard"]
[Black "Sullivan, Brian"]
[Result "0-1"]
[WhiteElo "1418"]
[BlackElo "1643"]
[PlyCount "124"]
[EventDate "2009.07.11"]
[EventType "swiss"]
[EventRounds "9"]
[EventCountry "CAN"]
[SourceTitle "EXT 2022"]
[Source "ChessBase"]
[SourceDate "2021.10.06"]
[SourceVersion "1"]
[SourceVersionDate "2021.10.06"]
[SourceQuality "1"]

1. d4 d5 2. c4 c6 3. Nc3 Nf6 4. h3 e6 5. a3 Nbd7 6. Bg5 Be7 7. Nf3 0-0 8. e3 h6 9. Bh4 b6 10. Bd3 Bb7 11. Rb1 a5 12. 0-0 Ba6 13. Bxf6 Bxf6 14. b3 Qc7 15. Qe2 Rfe8 16. Bc2 e5 17. Qd1 exd4 18. Nxd4 dxc4 19. bxc4 Bxc4 20. Bd3 Bxd3 21. Qxd3 Rad8 22. Nce2 Nc5 23. Qc2 Rd7 24. Nf5 Red8 25. Neg3 Rd2 26. Qc4 Ne6 27. Qg4 Kh7 28. Nxh6 g6 29. Nhf5 R2d5 30. e4 Rd2 31. Nh5 Qe5 32. Nhg3 Kg8 33. Nh6+ Kf8 34. Qf3 Qg5 35. Ng4 Bg7 36. Rfe1 Nd4 37. Qe3 Qxe3 38. Nxe3 b5 39. Ngf1 Ne2+ 40. Kh2 Ra2 41. Ng4 Rd4 42. e5 Ke7 43. Nfe3 Rdd2 44. h4 f6 45. exf6+ Bxf6 46. Nf1 Rdc2 47. Rbd1 Bc3 48. Rxe2+ Rxe2 49. Ng3 Be5 50. Kh3 Bxg3 51. Kxg3 Rxa3+ 52. f3 Raa2 53. Kf4 Re6 54. g3 Rae2 55. Kg5 a4 56. f4 a3 57. Rc1 a2 58. Ne5 Rb2 59. Nxc6+ Rxc6 60. Rxc6 a1Q 61. Kxg6 Rg2 62. Rc7+ Kd6 0-1

[Event "Canadian op"]
[Site "Edmonton"]
[Date "2009.07.11"]
[Round "1"]
[White "Roberts, Richard"]
[Black "Brodie, Hugh"]
[Result "0-1"]
[WhiteElo "1418"]
[BlackElo "1885"]
[PlyCount "72"]
[EventDate "2009.07.11"]
[EventType "swiss"]
[EventRounds "9"]
[EventCountry "CAN"]
[SourceTitle "CBM 132 Extra"]
[Source "ChessBase"]
[SourceDate "2009.11.03"]
[SourceVersion "1"]
[SourceVersionDate "2009.11.03"]
[SourceQuality "1"]

1. d4 e6 2. c4 f5 3. Nf3 Nf6 4. Nc3 Bb4 5. Bg5 b6 6. e3 Bb7 7. Bd3 0-0 8. 0-0 Bxc3 9. bxc3 d6 10. c5 Qe8 11. cxd6 cxd6 12. Qb3 Ne4 13. Bf4 Qd7 14. Bxe4 Bxe4 15. Ng5 Bd5 16. c4 Bb7 17. d5 e5 18. Ne6 Rf6 19. Bg3 Na6 20. Qd1 Rc8 21. Rc1 Nc5 22. f3 Nxe6 23. dxe6 Qxe6 24. Qe2 Ba6 25. Rfe1 Bxc4 26. Qd2 Rff8 27. a4 Rc5 28. f4 e4 29. Qb2 Rfc8 30. Bh4 Bb3 31. Rxc5 Rxc5 32. Qe2 Qc4 33. Qh5 Qf7 34. Qe2 Qc4 35. Qh5 Bxa4 36. Qe8+ Bxe8 0-1

[Event "Canadian op"]
[Site "Edmonton"]
[Date "2005.07.10"]
[Round "3"]
[White "Roberts, Richard"]
[Black "Wang, Hao Yuan"]
[Result "0-1"]
[WhiteElo "1533"]
[BlackElo "1271"]
[PlyCount "30"]
[EventDate "2005.07.09"]
[EventType "swiss"]
[EventRounds "10"]
[EventCountry "CAN"]
[SourceTitle "CBM 107 Extra"]
[Source "ChessBase"]
[SourceDate "2005.09.01"]
[SourceVersion "1"]
[SourceVersionDate "2005.09.01"]
[SourceQuality "1"]

1. d4 Nf6 2. c4 c5 3. Nf3 cxd4 4. Nxd4 e5 5. Nb3 Nc6 6. a3 b6 7. Nc3 Bc5 8. Bg5 h6 9. Bxf6 Qxf6 10. Nxc5 bxc5 11. Nb5 0-0 12. Nc7 Rb8 13. Nd5 Qf5 14. e3 Rxb2 15. Bd3 Qxf2# 0-1

[Event "Canadian op"]
[Site "Edmonton"]
[Date "2005.07.09"]
[Round "1"]
[White "Roberts, Richard"]
[Black "Davies, Noam"]
[Result "0-1"]
[WhiteElo "1533"]
[BlackElo "2008"]
[PlyCount "52"]
[EventDate "2005.07.09"]
[EventType "swiss"]
[EventRounds "10"]
[EventCountry "CAN"]
[SourceTitle "CBM 107 Extra"]
[Source "ChessBase"]
[SourceDate "2005.09.01"]
[SourceVersion "1"]
[SourceVersionDate "2005.09.01"]
[SourceQuality "1"]

1. d4 Nf6 2. c4 g6 3. Nc3 d5 4. e3 Bg7 5. Nf3 0-0 6. Be2 c5 7. 0-0 dxc4 8. Bxc4 Bg4 9. Be2 Nc6 10. dxc5 Qa5 11. h3 Bxf3 12. Bxf3 Qxc5 13. Qe2 Rfd8 14. Na4 Qa5 15. Qc2 Rac8 16. Nc3 Ne5 17. Bxb7 Rc7 18. f4 Rxb7 19. fxe5 Qxe5 20. e4 Rc8 21. Qf2 e6 22. Kh1 Nxe4 23. Nxe4 Qxe4 24. Be3 Rc2 25. Qg3 Rbxb2 26. Rf3 Rxg2 0-1